| 000 | 00400 a2200109 4500 | ||
|---|---|---|---|
| 001 | ART_23561 | ||
| 005 | 20260410161931.0 | ||
| 008 | 260409a | ||
| 245 | 1 | 0 | _aBalances y utilidades de las socieddes anónimas |
| 100 | 1 | _aWajchman, Mauricio | |
| 773 | 0 |
_tRevista de la Facultad de Ciencias Económicas de la Universidad de Cuyo _g- Año XVIII, Nº 52/54 (ene./dic. 1966) _wREV22981 |
|
| 999 |
_c28641 _d28641 |
||